000 002380000a22000970004500
100 1 _aTorres, William
245 1 0 _aLos olvidados : Los damnificados
300 _aVol. 16, Núm 16 (1993), Páginas 28-30
773 0 _tCambio 16
942 _cANA
999 _c58377
_d58377